| 000 | 01781cam a2200433 a 4500 | ||
|---|---|---|---|
| 001 | 15098129 | ||
| 003 | ASAB | ||
| 005 | 20180827062751.0 | ||
| 008 | 071128s2008 nyua b 001 0 eng | ||
| 010 | _a 2007048891 | ||
| 020 | _a 978-084939014-2 | ||
| 035 | _a(DNLM)101321949 | ||
| 040 |
_aDNLM/DLC _cASAB _dDLC |
||
| 042 | _apcc | ||
| 050 | 0 | 0 |
_aRS201.T2 _bP46 2008 |
| 060 | 0 | 0 |
_aQV 787 _bP536 2008 |
| 082 | 0 | 0 |
_a615/.1901 _222 |
| 245 | 0 | 0 |
_aPharmaceutical dosage forms. _pASABTablets. _bUnit operations and mechanical properties _cedited by Larry L. Augsburger |
| 246 | 3 | 0 | _aTablets |
| 250 |
_a1st ed. / _bedited by Larry L. Augsburger, Stephen W. Hoag. |
||
| 260 |
_aNew York : _bInforma Healthcare USA, _cc2008. |
||
| 300 |
_a1st . : _bill. ; _c27 cm. |
||
| 504 | _aIncludes bibliographical references and index. | ||
| 505 | 0 | _av. 1. Unit operations and mechanical properties -- v. 2. Rational design and formulation with excipients -- v. 3. Modern manufacture and control. | |
| 650 | 0 |
_aTablets (Medicine) _93041 |
|
| 650 | 0 |
_aDrugs _xDosage forms. _93042 |
|
| 650 | 1 | 2 |
_aTablets _xpharmacology. _93043 |
| 650 | 2 | 2 |
_aDrug Compounding. _93044 |
| 650 | 2 | 2 |
_aDrug Design. _93045 |
| 650 | 2 | 2 |
_aDrug Industry _xlegislation & jurisprudence. _93046 |
| 650 | 2 | 2 |
_aQuality Control. _93047 |
| 700 | 1 |
_aAugsburger, Larry L. _93048 |
|
| 700 | 1 |
_aHoag, Stephen W. _93049 |
|
| 856 | 4 | 1 |
_3Table of contents only _uhttp://www.loc.gov/catdir/toc/ecip085/2007048891.html |
| 856 | 4 | 2 |
_3Publisher description _uhttp://www.loc.gov/catdir/enhancements/fy0806/2007048891-d.html |
| 906 |
_a7 _bcbc _corignew _d1 _eecip _f20 _gy-gencatlg |
||
| 942 |
_2ddc _cBK |
||
| 999 |
_c480584 _d480584 |
||